000 00331nam a2200121Ia 4500
008 220217s9999||||xx |||||||||||||| ||und||
082 _a070 PEA
100 _aPearson education asia
245 0 _aGeneral knowledge manual 2003
260 _aPearson education asia
_bNew Delhi
_c2003
300 _b250
650 _aGENERAL BOOKS
999 _c170681
_d170681